000 00561nam a2200193Ia 4500
008 151121s9999||||xx |||||||||||||| ||und||
082 _a813/भोपे
082 _bHNW-46586
100 _aभोपे मधुरंजन
245 _aटक्कर
260 _b"मनोरमा प्रकाशन, मुंबई।"
260 _c--
300 _a210
600 _aभोपे मधुरंजन
630 _aटक्कर
700 _aभोपे मधुरंजन
730 _aटक्कर
942 _cBOOK
999 _c1233092
_d1233089